01273nab a2200205 i 4500001000400000003000400004005001700008008003900025040000800064080001000072100013500082245013800217260001000355500002100365520053600386650003600922650002300958650001500981773007100996BPPBPK20150116122359.0150116s1982 pl n f |000 0pol cBPK a631.3 aFLORCZAK, Zenon.d1972 - 1987.bWyższa Szkoła Inżynierska - Instytut Budowy Maszyn,cZakład Maszyn i Urządzeń Rolniczych aMożliwości zmniejszania mechanicznych uszkodzeń bulw ziemniaczanych podczas zbioru kombajnami /cZenon Florczak, Tadeusz Sęk. c1982. aDane z autopsji. aOmówiono straty spowodowane mechanicznymi uszkodzeniami bulw ziemniaczanych, przedstawiono klasyfikację mechanicznych uszkodzeń bulw przy zbiorach, usystematyzowano czynniki wpływające na uszkodzenia bulw przez kombajny oraz podano przyczyny i sposoby zapobiegające nadmiernym uszkodzeniom bulw podczas zbioru. Przedstawiono również elektroniczny model bulwy ziemniaczanej, który stanowić może miernik do wykrywania miejsc wywoływania mechanicznych uszkodzeń w kombajnie - w procesie technologicznym zbioru. 0aMaszyny i narzędzia rolnicze. 0aKombajny rolnicze. 0aZiemniaki. iW :tMaszyny i Ciągniki Rolnicze. -gR. 28, 1982, nr 6, s. 22-25